| 000 | 00817cam a2200229 a 4500 | ||
|---|---|---|---|
| 001 | 4511385 | ||
| 005 | 20180213065942.0 | ||
| 008 | 980211s1997 enk d 000 0 eng | ||
| 010 | _a 98114283 | ||
| 020 | _a0198601336 | ||
| 040 |
_aDLC _cDLC _dDLC |
||
| 041 | 0 | _aengger | |
| 080 | _a433.21 CLA | ||
| 082 | 0 | 0 |
_a433.21 CLA _221 |
| 100 | _a23 | ||
| 101 | _aFJA | ||
| 245 | 0 | 4 |
_aThe Concise Oxford-Duden German dictionary : _cedited by the Dudenredaktion and the German Section of the Oxford University Press Dictionary Dept. ; chief editors, M. Clark, O. Thyen. |
| 246 | 3 | 0 | _aOxford-Duden German dictionary |
| 906 |
_a7 _bcbc _corignew _d2 _encip _f19 _gy-gencatlg |
||
| 942 |
_2ddc _cBK |
||
| 999 |
_c42377 _d42377 |
||